000
00260nam a2200109Ia 4500
008
220204s9999 xx 000 0 und d
082
_a
678.4:678.023
_b
STE
100
_a
Stewart, E J
245
0
_a
Introduction to compound design
260
_c
1984
942
_c
BK
999
_c
39425
_d
39425